000 00931 a2200313 4500
001 105059
020 _a9781402763588 (pbk.)
041 _apor
090 _aPL 745
250 _a. ed.
300 _a95 p.
697 _aHanukkah cooking.
697 _aHanukkah.
697 _aChristmas cookery.
697 _aHandicraft.
697 _aHoliday decorations.
697 _aKwanzaa decorations.
697 _aKwanzaa.
697 _aChristmas cooking.
697 _aChristmas decorations.
697 _aHanukkah cookery.
697 _aHanukkah decorations.
856 _u000006/000006eb.jpeg
040 _aBR-BrIDEA
_cBR-BrIDEA
245 1 0 _aFamilyfun homemade holidays
_b150 festive crafts, recipes, gifts & parties
_cedited by Deanna F. Cook and the experts at FamilyFun magazine
260 _a[S.l.]
_bSterling
_c2009
700 _aDeanna F. Cook and the experts at FamilyFun magazine
_eedited
942 _cBK
999 _c105059
_d105059